000 00544nmm a2200169Ia 4500
008 251105s9999||||xx |||||||||||||||||und||
020 _a9789587385922
041 _aspa
100 _aQuiroga Cubides, Sebastián
245 0 _aReinventar un héroe : Narrativas sobre los soldados rasos de la guerra de Corea
264 _a[Bogotá, Colombia] :
_bUniversidad del Rosario,
_c2015
300 _a183 páginas
490 _aÓpera Prima
650 _aHistory (General)
856 _uhttps://public.digitaliapublishing.com/a/46518
942 _cCF
999 _c95822
_d95822